000 00579nam a2200229Ia 4500
003 OSt
005 20220926043820.0
006 a|||||r|||| 00| 0
007 ta
008 220923b |||||||| |||| 00| 0 eng d
037 _cGeneral Book
040 _aRTL
_cRTL
_beng
041 _2eng
_aeng
082 _aH411, K1
100 _aTazieff Haroun
_9348261
245 0 _aVolcanoes
260 _c1961
490 _aSymbol Series : Science, Arts, History
650 _aGeology
_915465
942 _hH411, K1
_cGB
_2CC
999 _c673262
_d673262